000 01034nam a2200265 i 4500
001 19635
003 ES-MaACL
005 20231219062532.0
007 t|
008 021007m19761978sp ||||1| spa d
020 _a84-306-3997-7
245 0 3 _aEl exilio español de 1939 /
_c[obra dirigida por José Luis Abellán].
260 _aMadrid :
_bTaurus,
_c1976-1978.
300 _a6 v. ;
_c21 cm.
490 1 _aBiblioteca política Taurus ;
_v36
505 8 _aContiene: 1. La emigración republicana - 2. Guerra y política - 3. Revistas, pensamiento, educación - 4. Cultura y literatura - 5. Arte y ciencia - 6. Cataluña, Euzkadi, Galicia
650 1 4 _aExiliados españoles-
_y1939-1975.
_912658
650 1 4 _aExiliados españoles-
_xVida intelectual.
_9143431
700 1 _aAbellán, José Luis,
_d1933-2023
_9176509
830 1 _aBiblioteca política Taurus ;
_v36
_9176515
852 _aES-MaACL
_jA-9517-22
852 _aES-MaACL
_jG-587-88
_z(V. 5 y 6)
852 _aES-MaACL
_jA-6733
_z(V. 4)
999 _c19635
_d19635